| 000 | 00902na a2200277 4500 | ||
|---|---|---|---|
| 001 | 15346 | ||
| 003 | MIRAKIL | ||
| 005 | 20181213155147.0 | ||
| 008 | 161006b tu 000 0 | ||
| 035 | _a15346 | ||
| 040 |
_aMilas _btur _cTR-AnCHP |
||
| 041 | _atur | ||
| 082 |
_aCHP 324.2172 2011 _bG94o 2012 |
||
| 090 | _aCHP 324.2172 2011 G94o 2012 | ||
| 100 | _aGül, Haluk | ||
| 245 |
_a12 Haziran 2011 genel seçiminde CHP performansı ve geleceğe dair _cHaluk Gül |
||
| 246 | _aCHP performansı ve geleceğe dair | ||
| 260 |
_aAnkara _b[yay.y.] _c2012 _fBüyük Anadolu |
||
| 300 |
_a168 s. _btbl. _c20 sm. |
||
| 610 |
_aCHP _xGenel seçimler, 2011 _ySeçim değerlendirmesi |
||
| 650 |
_aSeçimler _xCHP oyları |
||
| 650 |
_aSiyasal partiler _xCHP _yGenel seçimler, 2011 _zTürkiye |
||
| 650 |
_aSiyasal partiler _xTarih _zTürkiye |
||
| 657 | _aCHP seçim performansı | ||
| 942 |
_2ddc _cBKS |
||
| 999 |
_c7714 _d7714 |
||